| 000 | 00583nam a2200181 a 4500 | ||
|---|---|---|---|
| 005 | 20140310183559.0 | ||
| 008 | 111122s19uu xx 00 eng d | ||
| 020 | _a9780240817002 | ||
| 050 |
_aPN 1995.9.P7 _b.T645 2011 |
||
| 100 | _aTomaric, Jason J. | ||
| 245 |
_aFilmmaking : _bdirect your movie from script to screen using proven hollywood techniques / _cJason J. Tomaric. |
||
| 260 |
_aAmsterdam : _bElsevier, _c2011. |
||
| 300 |
_a520 p. : _bill. ; _c23 cm. |
||
| 521 | _aMC | ||
| 650 |
_aMotion pictures _xProduction and direction |
||
| 942 |
_cBK _2lcc _kFOR |
||
| 999 |
_c25069 _d25069 |
||